| 000 | 00549nam a2200181Ia 4500 | ||
|---|---|---|---|
| 008 | 151018s9999 xx 000 0 und d | ||
| 082 |
_bRBASDV2687 _a891.463 |
||
| 100 | _aएडगर बरो राईस | ||
| 245 | _aटारझन - ३ | ||
| 250 | _b2 | ||
| 260 |
_bचित्रशाळा प्रकाशन _c1955 |
||
| 300 | _a152 | ||
| 600 | _aएडगर बरो राईस | ||
| 630 | _aटारझन - ३ | ||
| 700 | _aएडगर बरो राईस | ||
| 730 | _aटारझन - ३ | ||
| 942 | _cBOOK | ||
| 999 |
_c1005104 _d1005101 |
||